<?xml version="1.0" encoding="UTF-8"?>
<resp>
  <nextPage>https://data.bn.org.pl/api/networks/bibs.marcxml?marc=001+b00001150002431&amp;sinceId=1150002432</nextPage>
  <collection>
    <record xmlns='http://www.loc.gov/MARC21/slim'><leader>00898namZa2200277ZiZ4500</leader><controlfield tag='001'>b00001150002431</controlfield><controlfield tag='005'>20251217085027.5</controlfield><controlfield tag='008'>230609s        pl           |000 0 pol c</controlfield><controlfield tag='009'>9913262249305606</controlfield><datafield ind1=' ' ind2=' ' tag='035'><subfield code='a'>KR_1KR_1_20120318001105038326-48omnis_kr</subfield></datafield><datafield ind1=' ' ind2=' ' tag='035'><subfield code='a'>KR_1_20120318001105038326</subfield><subfield code='9'>ExL</subfield></datafield><datafield ind1=' ' ind2=' ' tag='035'><subfield code='a'>(PL)b00001150002431</subfield></datafield><datafield ind1=' ' ind2=' ' tag='040'><subfield code='a'>KR_1</subfield><subfield code='c'>KR_1</subfield></datafield><datafield ind1='0' ind2=' ' tag='041'><subfield code='a'>pol</subfield></datafield><datafield ind1='0' ind2='0' tag='245'><subfield code='a'>Poeci polskiego baroku /</subfield><subfield code='c'>oprac. Jadwiga Sokołowska, Kazimiera Żukowska.</subfield><subfield code='n'>T. 1.</subfield></datafield><datafield ind1=' ' ind2=' ' tag='260'><subfield code='a'>W-wa :</subfield><subfield code='b'>Państ. Instytut Wydawniczy,</subfield><subfield code='c'>1965.</subfield></datafield><datafield ind1=' ' ind2=' ' tag='300'><subfield code='a'>1047 s. ;</subfield><subfield code='c'>18 cm</subfield></datafield><datafield ind1='1' ind2=' ' tag='490'><subfield code='a'>Biblioteka Poezji i Prozy.</subfield></datafield><datafield ind1=' ' ind2=' ' tag='500'><subfield code='a'>p</subfield></datafield><datafield ind1='1' ind2=' ' tag='700'><subfield code='a'>Sokołowska, Jadwiga</subfield><subfield code='e'>Opracowanie</subfield></datafield><datafield ind1='1' ind2=' ' tag='700'><subfield code='a'>Żukowska, Kazimiera</subfield><subfield code='e'>Opracowanie</subfield></datafield><datafield ind1=' ' ind2=' ' tag='852'><subfield code='b'>48OMNIS_NETWORK</subfield><subfield code='8'>9913262249305606</subfield></datafield><datafield ind1=' ' ind2=' ' tag='852'><subfield code='b'>48OMNIS_KR</subfield><subfield code='8'>991000024309708216</subfield></datafield></record>
  </collection>
</resp>
